| 000 -LEADER |
| fixed length control field |
00782nam a2200241Ia 4500 |
| 001 - CONTROL NUMBER |
| control field |
13803 |
| 003 - CONTROL NUMBER IDENTIFIER |
| control field |
GE_BSU |
| 008 - FIXED-LENGTH DATA ELEMENTS--GENERAL INFORMATION |
| fixed length control field |
181216s||||||||xx |||||||||||||| ||und|| |
| 040 ## - CATALOGING SOURCE |
| Transcribing agency |
GE_BSU |
| 080 ## - UNIVERSAL DECIMAL CLASSIFICATION NUMBER |
| Universal Decimal Classification number |
330+658.014 |
| 100 ## - MAIN ENTRY--PERSONAL NAME |
| Personal name |
Сигова,И.И. Войтоловский,В.Н и др. |
| 245 ## - TITLE STATEMENT |
| Title |
Основы экономики и управления производством. |
| 245 ## - TITLE STATEMENT |
| Remainder of title |
Учеб. пособие. |
| 245 ## - TITLE STATEMENT |
| Statement of responsibility, etc. |
Ред. Г.М.Короткова. |
| 250 ## - EDITION STATEMENT |
| Edition statement |
Изд. 2-е, перераб. и доп. |
| 260 ## - PUBLICATION, DISTRIBUTION, ETC. |
| Place of publication, distribution, etc. |
М. |
| 260 ## - PUBLICATION, DISTRIBUTION, ETC. |
| Name of publisher, distributor, etc. |
Экономика. |
| 260 ## - PUBLICATION, DISTRIBUTION, ETC. |
| Date of publication, distribution, etc. |
1974. |
| 300 ## - PHYSICAL DESCRIPTION |
| Extent |
339 стр. 22 см. |
| 300 ## - PHYSICAL DESCRIPTION |
| Accompanying material |
Табл. |
| 653 ## - INDEX TERM--UNCONTROLLED |
| Uncontrolled term |
Основы экономики и управления производством. |
| 942 ## - ADDED ENTRY ELEMENTS (KOHA) |
| Koha item type |
წიგნი |